000 00327nam a2200133 i 4500
001 bg
100 1 _aJedynak, Stanisław
_d(1939- ).
245 0 _aZ teorii i historii etyki /
_cStanisław Jedynak.
260 _aWarszawa,
_c1983.
040 _cBPK
041 _apol
942 _cKS
008 s pl f |000 0 pol
999 _c22230
_d22230
856 _uhttp://koha.tu.koszalin.pl/cgi-bin/koha/opac-detail.pl?biblionumber=22230
_yKatalog online BPK